000 00293nam a22001217a 4500
008 230503b |||||||| |||| 00| 0 eng d
100 _aM. K. Bhandari
245 _aIntellectual Property Rights
260 _aAllahabad
_bCLP Pub
_c2006
300 _a292
546 _aEnglish
942 _2ddc
_cBK
999 _c19969
_d19969